The APC:final assessment submission (Record no. 67098)
[ view plain ]
| 000 -LEADER | |
|---|---|
| fixed length control field | 00814cam a2200217 4500 |
| 001 - CONTROL NUMBER | |
| control field | ABS63985 |
| 008 - FIXED-LENGTH DATA ELEMENTS--GENERAL INFORMATION | |
| fixed length control field | 000000n2001 000 0 eng u |
| 035 ## - SYSTEM CONTROL NUMBER | |
| System control number | (Sirsi) u112707 |
| 100 ## - MAIN ENTRY--PERSONAL NAME | |
| Personal name | Imber, A. |
| 245 #4 - TITLE STATEMENT | |
| Title | The APC:final assessment submission |
| 260 ## - PUBLICATION, DISTRIBUTION, ETC. | |
| Date of publication, distribution, etc. | 2001 |
| 490 ## - SERIES STATEMENT | |
| Series statement | CSM |
| -- | Chartered Surveyor Monthly |
| Volume/sequential designation | May 2001, 28(1) |
| 520 ## - SUMMARY, ETC. | |
| Summary, etc. | Advises APC candidates on how to submit good quality final assessment submissions. For further information, send a 19p or 27p SAE to APC Notes (CSM Final Submissions) C/O 1 Green Meadow, Pedmore, West Midlands, DY9 0XY. Please give details of division and date of final assessment. |
| 590 ## - LOCAL NOTE (RLIN) | |
| Local note | ABS |
| 650 ## - SUBJECT ADDED ENTRY--TOPICAL TERM | |
| Topical term or geographic name entry element | APC |
| 9 (RLIN) | 6216 |
| 650 ## - SUBJECT ADDED ENTRY--TOPICAL TERM | |
| Topical term or geographic name entry element | APC |
| 9 (RLIN) | 6216 |
| 650 ## - SUBJECT ADDED ENTRY--TOPICAL TERM | |
| Topical term or geographic name entry element | PROFESSIONAL ETHICS |
| 650 ## - SUBJECT ADDED ENTRY--TOPICAL TERM | |
| Topical term or geographic name entry element | FINAL SUBMISSION |
| 690 ## - LOCAL SUBJECT ADDED ENTRY--TOPICAL TERM (OCLC, RLIN) | |
| Topical term or geographic name as entry element | EDUCATION-APC |
| 942 ## - ADDED ENTRY ELEMENTS (KOHA) | |
| Suppress in OPAC | 0 |
| Withdrawn status | Lost status | Source of classification or shelving scheme | Damaged status | Not for loan | Home library | Current library | Shelving location | Date acquired | Total Checkouts | Full call number | Barcode | Date last seen | Copy number | Price effective from | Koha item type |
|---|---|---|---|---|---|---|---|---|---|---|---|---|---|---|---|
| Dewey Decimal Classification | London | London | Journal article | 22/05/2001 | ABS63985 | 112707-1001 | 06/08/2019 | 1 | 06/08/2019 | Journal article |